Matemáticas básicas para ingeniería electrónica : modelos y aplicaciones

Gardado en:
Detalles Bibliográficos
Autor Principal: Szymanski, John E., 1958-
Formato: Libro
Idioma:Undetermined
Publicado: Argentina : Addison Wesley Iberoamericana, c1994.
Series:Temas selectos de ingeniería
Materias:
Etiquetas: Engadir etiqueta
Sen Etiquetas, Sexa o primeiro en etiquetar este rexistro!

MARC

LEADER 00000nam a2200000Ia 4500
003 000169
005 20221231144010.0
008 140114s9999 xx 000 0 und d
040 |c cru CEDI 
082 |a 621.381.015.1 S999m 
100 |a Szymanski, John E., 1958-  |9 19364 
245 |a Matemáticas básicas para ingeniería electrónica : modelos y aplicaciones  
260 |a Argentina : Addison Wesley Iberoamericana,   |c c1994. 
300 |a xi, 226 páginas 
440 |a Temas selectos de ingeniería  |9 19365 
500 |a Traducción de: Basic mathematics for electronic engineers--Impreso en Estados Unidos 
650 |x MATEMATICAS PARA INGENIEROS   |x INGENIERÍA ELÉCTRICA   |x ELECTRONICA  |9 19366 
942 |2 ddc  |c BK 
999 |c 15401  |d 15401